Brawlhalla - All Legends - Statistics

General Stats
  • This quiz has been taken 1,008 times
    807 since last reset
  • The average score is 28 of 51
Answer Stats
Legend % Correct
Bödvar
81%
Orion
80%
Mordex
76%
Artemis
72%
Cassidy
71%
Nix
69%
Hattori
65%
Ada
63%
Teros
62%
Mirage
61%
Wu Shang
61%
Lord Vraxx
60%
Fait
59%
Queen Nai
58%
Xull
58%
Jiro
57%
Kor
57%
Scarlet
57%
Sir Roland
57%
Mako
56%
Asuri
55%
Petra
55%
Rayman
55%
Caspian
54%
Brynn
53%
Diana
53%
Ember
53%
Thor
53%
Gnash
52%
Ragnir
52%
Ulgrim
52%
Cross
51%
Koji
51%
Jaeyun
50%
Lucien
50%
Onyx
50%
Thatch
50%
Val
50%
Yumiko
50%
Sentinel
49%
Zariel
49%
Dusk
48%
Kaya
47%
Sidra
46%
Azoth
45%
Barraza
44%
Isaiah
44%
Vector
44%
Volkov
44%
Lin Fei
42%
Jhala
40%
No matching quizzes found
Score Distribution
Percent of People with Each Score
Percentile by Number Answered
Your Score History
You have not taken this quiz since the last reset